History Quiz

Random History or Century Quiz
Score 0/28 Timer 05:00
0 Plays Today
Question Answer Wrong Answers
Modern Day Country:
France
Orléans
90.8%
Constantinople
2.3%
Damascus
0.7%
Málaga
1%
Modern Day Country:
Spain
Málaga
90.1%
Constantinople
1.9%
Damascus
1.1%
Orléans
0.9%
Outcome:
French victory, and the consecration of Charles VII as King of France in Reims
Orléans
90%
Constantinople
1.9%
Damascus
0.9%
Málaga
1.2%
Outcome:
Ottoman victory and fall of the Byzantine Empire
Constantinople
90%
Damascus
2.7%
Málaga
0.6%
Orléans
0.4%
Primary Combatants:
Kingdom of England and Kingdom of France
Orléans
89.9%
Constantinople
2.1%
Damascus
1%
Málaga
1%
Modern Day Country:
Syria
Damascus
89.6%
Constantinople
2.4%
Málaga
1%
Orléans
0.4%
Noted Combatants:
Thomas Montagu, 4th Earl of Salisbury and Joan of Arc
Orléans
89.3%
Constantinople
2.1%
Damascus
1.6%
Málaga
1%
Rulers:
Charles VII of France (the Dauphin) and Henry VI of England
Orléans
89.3%
Constantinople
2.3%
Damascus
1.2%
Málaga
1.2%
War or Major Conflict:
Byzantine-Ottoman Wars
Constantinople
89.3%
Damascus
3.8%
Málaga
0.9%
Orléans
0.6%
Primary Combatants:
Byzantine Empire and Ottoman Empire
Constantinople
89.1%
Damascus
4%
Málaga
0.6%
Orléans
0.4%
War or Major Conflict:
Granada War, final stage of the Reconquista
Málaga
88.8%
Constantinople
3%
Damascus
1.1%
Orléans
1.4%
Modern Day Country:
Turkey
Constantinople
88.5%
Damascus
4%
Málaga
0.9%
Orléans
0.3%
Primary Combatants:
Emirate of Granada and the Crowns of Castile and Aragon
Málaga
87.3%
Constantinople
2.4%
Damascus
2%
Orléans
1.9%
Noted Combatants:
Hamad al Tagrí and Francisco Ramírez de Madrid
Málaga
85.7%
Constantinople
3.8%
Damascus
3.1%
Orléans
1.5%
Rulers:
Isabella I of Castile and Ferdinand II of Aragon, and Abu Abdallah Muhammad XII of Granada (Boabdil)
Málaga
85%
Constantinople
3.6%
Damascus
3.2%
Orléans
2.1%
War or Major Conflict:
The Hundred Years War
Orléans
84.4%
Constantinople
4.2%
Damascus
2.5%
Málaga
2.9%
Outcome:
Christian victory, fall of the city, and eventual conquest of Granada
Málaga
83.9%
Constantinople
5.6%
Damascus
2.6%
Orléans
1.8%
War or Major Conflict:
War between Timurid Empire and Mamluk Egypt
Damascus
83.4%
Constantinople
7.2%
Málaga
2.7%
Orléans
0.6%
Rulers:
Sultan Mehmed II and Emperor Constantine XI Palaiologos
Constantinople
83%
Damascus
8.6%
Málaga
1.5%
Orléans
0.5%
Rulers:
Amir Timur (Tamerlane) and Nasir-ad-Din Faraj
Damascus
81.5%
Constantinople
9.1%
Málaga
2.9%
Orléans
0.5%
Noted Combatants:
Nasir-ad-Din Faraj and Amir Timur (Tamerlane)
Damascus
80.4%
Constantinople
9.9%
Málaga
2.9%
Orléans
0.7%
Primary Combatants:
Timurid Empire and Mamluk Sultanate
Damascus
78.5%
Constantinople
11.9%
Málaga
3.1%
Orléans
0.7%
Outcome:
Timurid victory, the sack and burning of the city, and the slaughter or enslavement of the population
Damascus
76.8%
Constantinople
11.9%
Málaga
3.3%
Orléans
1.6%
Year:
1453
Constantinople
65.5%
Damascus
6.7%
Málaga
8.7%
Orléans
12.9%
Years:
1428-1429
Orléans
54.8%
Constantinople
13.2%
Damascus
13.3%
Málaga
12.4%
Year:
1487
Málaga
50.2%
Constantinople
13.3%
Damascus
13.7%
Orléans
16.6%
Year:
1400
Damascus
48.8%
Constantinople
11.6%
Málaga
14.4%
Orléans
19.6%
Noted Combatants:
Giovanni Giustiniani Longo and Zagan Pasha
Constantinople
46.6%
Damascus
15%
Málaga
29%
Orléans
3.4%
Come Together.
Have Fun.
All Virtual.
We all need to come together. Play Sporcle's virtual live trivia to have fun, connect with people, and get your trivia on. Join a live hosted trivia game for your favorite pub trivia experience done virtually. If a virtual private party is more your thing, go here for details.

You're not logged in!

Compare scores with friends on all Sporcle quizzes.
OR
Log In

Sporcle TV

Today on Sporcle TV


Watch our educational content, quiz creation guides, and fun videos on Sporcle TV.

Show Comments

Extras

Top Quizzes Today


Score Distribution

Paid Content

Your Account Isn't Verified!

In order to create a playlist on Sporcle, you need to verify the email address you used during registration. Go to your Sporcle Settings to finish the process.

Report this User

Report this user for behavior that violates our Community Guidelines.

Details: